000
00309nam a2200133Ia 4500
008
221030s9999 xx 000 0 und d
041
_a
English
100
_a
K. K. Aggarwal
245
0
_a
Software Engineering
_c
by K. K. Aggarwal, Y. Singh
260
_c
0
650
_a
B
700
_a
Y. Singh
942
_c
BK
999
_c
16600
_d
16600